000 00220nam a2200097 a 4500
005 20200930030237.0
008 110321s2011 000 spa d
245 0 _aAguas residuales.
260 _c[2011].
999 _c25965
_d25965
040 _aDO-SdBNP